000 00914cam a2200277 a 4500
001 15965935
005 20260122073542.0
008 091029s2009 enka b 001 0 eng d
010 _a 2009517092
020 _a9780521897181
_qv. 1
020 _a9780521897198
_qv. 2
020 _a9780521897204
_qv. 3
082 _a343.0721 DAB
245 0 0 _aAnti-cartel enforcement worldwide, vol. 1-3 /
_cedited by Maher M. Dabbah and Barry E. Hawk.
260 _aCambridge :
_bCambridge University Press,
_c2009.
300 _a3 v. :
_bill. ;
_c26 cm.
490 0 _aAntitrust and competition law
505 0 _av. 1. Albania-Finland -- v. 2. France-Norway -- v. 3. Pakistan-Venezuela.
650 0 _aAntitrust law.
650 0 _aActions and defenses.
650 0 _aCartels
_xState supervision.
650 0 _aAdministrative procedure.
700 1 _aDabbah, Maher M.
700 1 _aHawk, Barry E.
942 _2ddc
_cBK
999 _c37292
_d37292